Quick Pick: 'C' Elements Quiz Stats

 Plays Quiz Updated Dec 19, 2017

Challenge
Share
Tweet
Embed
Score 0/12 Timer 01:00
1 Play Today
% Correct
Cadmium
90.8%
Californium
90.6%
Cesium
89.9%
Carbon
88.6%
Chlorine
86.9%
Calcium
82.6%
Cobalt
81.5%
Cerium
75.6%
Chromium
72.4%
Copernicium
71%
Copper
68.2%
Curium
50.9%

Today's Daily Dose

Word Ladder
Homophones Ate

Quick Pick
RGB Colors

On This Day
August 18th II

You're not logged in!

Compare scores with friends on all Sporcle quizzes.
Join for Free
OR
Log In

You Might Also Like...

Show Comments

Extras

Top Quizzes Today


Score Distribution

Your Account Isn't Verified!

In order to create a playlist on Sporcle, you need to verify the email address you used during registration. Go to your Sporcle Settings to finish the process.

Report this User

Report this user for behavior that violates our Community Guidelines.

Details: